Largest Cities in Each State (United States) - Statistics

General Stats
  • This quiz has been taken 34 times
  • The average score is 38 of 52
Answer Stats
State Population (2020) City % Correct
California 3,898,747 Los Angeles
100%
Massachusetts 675,647 Boston
92%
Illinois 2,746,388 Chicago
92%
Michigan 639,111 Detroit
92%
Texas 2,304,580 Houston
92%
Missouri 508,090 Kansas City
92%
New York 8,804,190 New York
92%
Arizona 1,662,607 Phoenix
92%
District of Columbia * 689,545 Washington
92%
Georgia 498,715 Atlanta
88%
Maryland 585,708 Baltimore
88%
Colorado 715,522 Denver
88%
Hawaii 350,964 Honolulu
88%
Nevada 641,903 Las Vegas
88%
Louisiana 383,997 New Orleans
88%
Indiana 887,642 Indianapolis
85%
Mississippi 153,701 Jackson
85%
Florida 949,611 Jacksonville
85%
Pennsylvania 1,603,797 Philadelphia
85%
Washington 737,015 Seattle
85%
Alaska 291,247 Anchorage
81%
North Carolina 874,579 Charlotte
81%
Minnesota 429,954 Minneapolis
81%
Maine 68,408 Portland
81%
Oregon 652,503 Portland
81%
Tennessee 689,447 Nashville
77%
Utah 199,723 Salt Lake City
77%
Ohio 905,748 Columbus
73%
Iowa 214,133 Des Moines
73%
Arkansas 202,591 Little Rock
73%
Kentucky 246,161 Louisville
73%
New Jersey 311,549 Newark
73%
Oklahoma 681,054 Oklahoma City
73%
Idaho 235,684 Boise
69%
Kansas 397,532 Wichita
69%
New Mexico 564,559 Albuquerque
65%
Wisconsin 577,222 Milwaukee
65%
South Carolina 150,227 Charleston
62%
West Virginia 48,864 Charleston
62%
Nebraska 486,051 Omaha
62%
Rhode Island 190,934 Providence
62%
Virginia 459,470 Virginia Beach
62%
Wyoming 65,132 Cheyenne
54%
North Dakota 125,990 Fargo
54%
Puerto Rico * 342,259 San Juan
54%
Alabama 215,070 Huntsville
50%
South Dakota 192,517 Sioux Falls
50%
Montana 117,116 Billings
46%
Connecticut 148,654 Bridgeport
42%
New Hampshire 115,644 Manchester
42%
Delaware 70,898 Wilmington
42%
Vermont 44,743 Burlington
38%
No matching quizzes found
Score Distribution
Percent of People with Each Score
Percentile by Number Answered
Your Score History
You have not taken this quiz